Science Quiz

Random Science or Country Quiz

25 Mammals of Canada Quiz Stats

 Plays Quiz Updated Apr 3, 2018

Challenge
Share
Tweet
Score 0/25 Timer 05:00
3 Plays Today
Hint Answer % Correct
Polar bear
95%
Gray wolf
94.2%
American red squirrel
94%
Orca
93.1%
Moose
92.7%
Striped skunk
91.9%
Wood bison
91.7%
River otter
89.6%
Walrus
89.6%
Raccoon
87.8%
Cougar
85.6%
Human
85.4%
Eastern chipmunk
84.2%
Hint Answer % Correct
Canada lynx
82.5%
Arctic fox
80.9%
Caribou
80.7%
California sea lion
74.6%
Narwhal
73.9%
Virginia opossum
68.1%
Mountain goat
65.9%
Beluga
63.5%
Wolverine
56.3%
Groundhog
53.1%
Muskox
51.3%
Pronghorn
19.6%

You're not logged in!

Compare scores with friends on all Sporcle quizzes.
OR
Log In

You Might Also Like...

Show Comments

Extras

Top Quizzes Today


Score Distribution

Your Account Isn't Verified!

In order to create a playlist on Sporcle, you need to verify the email address you used during registration. Go to your Sporcle Settings to finish the process.

Report this User

Report this user for behavior that violates our Community Guidelines.

Details: